000 00441nam a2200181Ia 4500
001 7307
005 20260306160446.0
008 260306t2019||||xx |||||||||||||| ||spa||
041 _aESP
082 _a338.5
_bM42
100 _aMéndez Morales, José Silvestre
_eAUT
245 0 _aMicroeconomía:
_bla economía en la empresa
260 _c2019
300 _apágs. :
_ccm.
650 _aGEN
654 _aCAN
942 _cLIB
_dJUS
_fJUS
_2ddc
_n
999 _c7307
_d7307